Top 10 Countries with most forest area - Statistics

General Stats
  • This quiz has been taken 18 times
  • The average score is 9 of 10
Answer Stats
Hint Answer % Correct
497 mil Brazil
100%
347 mil Canada
94%
220 mil China
94%
72 mil India
94%
814 mil Russia
94%
310 mil USA
94%
134 mil Australia
89%
94 mil Indonesia
89%
126 mil DR Congo
78%
72 mil Peru
72%
No matching quizzes found
Score Distribution
Percent of People with Each Score
Percentile by Number Answered
Your Score History
You have not taken this quiz